Morfologi cerita rakyat / (Record no. 3761)
[ view plain ]
| 000 -LEADER | |
|---|---|
| fixed length control field | nam a22 a 4500 |
| 003 - CONTROL NUMBER IDENTIFIER | |
| control field | AKMAL |
| 005 - DATE AND TIME OF LATEST TRANSACTION | |
| control field | 20170524082312.0 |
| 008 - FIXED-LENGTH DATA ELEMENTS--GENERAL INFORMATION | |
| fixed length control field | 170524s1987 my a00 may d |
| 040 ## - CATALOGING SOURCE | |
| Original cataloging agency | AKMAL |
| Transcribing agency | AKMAL |
| 082 04 - DEWEY DECIMAL CLASSIFICATION NUMBER | |
| Classification number | 807 PRO |
| 090 ## - LOCALLY ASSIGNED LC-TYPE CALL NUMBER (OCLC); LOCAL CALL NUMBER (RLIN) | |
| Classification number (OCLC) (R) ; Classification number, CALL (RLIN) (NR) | 807 |
| Local cutter number (OCLC) ; Book number/undivided call number, CALL (RLIN) | PRO |
| 100 1# - MAIN ENTRY--PERSONAL NAME | |
| Personal name | Propp, V. |
| 9 (RLIN) | 7440 |
| 245 10 - TITLE STATEMENT | |
| Title | Morfologi cerita rakyat / |
| Statement of responsibility, etc. | V. Propp ; terjemahan Noriah Taslim |
| 260 ## - PUBLICATION, DISTRIBUTION, ETC. | |
| Place of publication, distribution, etc. | Kuala Lumpur : |
| Name of publisher, distributor, etc. | Dewan Bahasa dan Pustaka, |
| Date of publication, distribution, etc. | 1987 |
| 300 00 - PHYSICAL DESCRIPTION | |
| Extent | 182ms. ; |
| Dimensions | 21cm |
| 500 ## - GENERAL NOTE | |
| General note | Terjemahan dari edisi Bahasa Inggeris |
| 650 #0 - SUBJECT ADDED ENTRY--TOPICAL TERM | |
| Topical term or geographic name entry element | Fairy tales |
| General subdivision | Classification |
| 9 (RLIN) | 7441 |
| 942 ## - ADDED ENTRY ELEMENTS (KOHA) | |
| Source of classification or shelving scheme | |
| Koha item type | Book |
| Withdrawn status | Lost status | Source of classification or shelving scheme | Damaged status | Not for loan | Collection code | Home library | Current library | Shelving location | Date acquired | Inventory number | Total Checkouts | Full call number | Barcode | Date last seen | Price effective from | Koha item type |
|---|---|---|---|---|---|---|---|---|---|---|---|---|---|---|---|---|
| NON-FICTION | AKMAL Melaka | AKMAL Melaka | PINJAMAN | 24.05.2017 | 800443 | 807 PRO | 201704939 | 24.05.2017 | 24.05.2017 | Book |
